| 000 | 00781cab a2200253 4500 | ||
|---|---|---|---|
| 001 | WB2838-33 | ||
| 008 | 090401t1992 xxu||||| |||| 00| 0 eng d | ||
| 035 | _a(Sirsi) u26216 | ||
| 041 | _aeng | ||
| 245 | _aCompetition case | ||
| 260 | _c1992 | ||
| 350 | _a0 | ||
| 490 |
_aFinancial Times _v2 October 1992, 14(1) |
||
| 520 | _aThe National House Building Council has lost its legal battle against the findings of a 1991 Monopolies and Mergers Commission inquiry into new housing warranty services. | ||
| 650 | _aFOUNDATION 15 | ||
| 650 | _aMUNICIPAL MUTUAL INSURANCE | ||
| 650 | _aNHBC | ||
| 650 | _aSTRUCTURAL WARRANTIES | ||
| 690 | _aBUILT ENVIRONMENT-BUILDING PATHOLOGY | ||
| 690 | _aHOUSING | ||
| 690 |
_aINSURANCE _96249 |
||
| 942 | _n0 | ||
| 948 | _c04/03/1997 | ||
| 999 |
_c17601 _d17601 |
||